Narysuj granice województw Polski - Statystyki

Ogólne statystyki
  • Ten quiz został rozwiązany 2 730 razy
  • Średni wynik to 31 z 34
Odpowiedzi na mapie
Odpowiedzi zakodowano w zielono-czerwonej skali na mapie do tego quizu, zgodnie z poniższymi procentami.
 
Statystyki odpowiedzi
Granica % Poprawnych
zachodniopomorskie -- pomorskie
95%
mazowieckie -- łódzkie
93%
mazowieckie -- lubelskie
93%
mazowieckie -- podlaskie
93%
śląskie -- opolskie
93%
dolnośląskie -- lubuskie
92%
dolnośląskie -- opolskie
92%
dolnośląskie -- wielkopolskie
92%
lubelskie -- podkarpackie
92%
lubuskie -- wielkopolskie
92%
lubuskie -- zachodniopomorskie
92%
mazowieckie -- świętokrzyskie
92%
pomorskie -- kujawsko-pomorskie
92%
śląskie -- małopolskie
92%
warmińsko-mazurskie -- podlaskie
92%
warmińsko-mazurskie -- pomorskie
92%
zachodniopomorskie - wielkopolskie
92%
kujawsko-pomorskie -- mazowieckie
91%
lubelskie -- świętokrzyskie
91%
małopolskie -- podkarpackie
91%
mazowieckie -- warmińsko-mazurskie
91%
pomorskie -- wielkopolskie
91%
śląskie -- łódzkie
91%
wielkopolskie -- łódzkie
91%
opolskie -- łódzkie
90%
opolskie -- wielkopolskie
90%
świętokrzyskie -- łódzkie
90%
świętokrzyskie -- małopolskie
90%
świętokrzyskie -- podkarpackie
90%
kujawsko-pomorskie -- warmińsko-mazurskie
89%
kujawsko-pomorskie -- wielkopolskie
89%
śląskie -- świętokrzyskie
89%
kujawsko-pomorskie -- łódzkie
88%
podlaskie -- lubelskie
88%
Nie znaleziono quizów pasujących do podanych kryteriów
Rozkład punktacji
Procent ludzi z każdym wynikiem
Percentyl według liczby udzielonych odpowiedzi
Twoja historia wyników
Nie rozwiązałeś tego quizu